000 00331nam a2200121Ia 4500
008 240731s9999 xx 000 0 und d
022 _a1178-6957
245 0 _aStem Cells and Cloning: Advances and Applications
260 _bDove Medical Press
856 _uhttps://www.tandfonline.com/loi/dscc20
942 _2ddc
942 _cTFEJ
999 _c79549
_d79549
945 _a1
_bMadushi Gamage
_c1
_dMadushi Gamage